Etica y derechos humanos : un ensayo de fundamentación /
Contiene: El concepto de derechos humanos; El esceptiscismo ético; El constructivismo Etico; El nuevo desafío comunistarista al liberalismo kantiano; El principio de autonomía de la persona; El principio de inviolabilidad de la persona; El principio de dignidad de la persona; Instituciones: el alcan...
Tallennettuna:
| Päätekijä: | |
|---|---|
| Aineistotyyppi: | Kirja |
| Kieli: | espanja |
| Julkaistu: |
Buenos Aires, Argentina :
Astrea,
1989, c1989
|
| Painos: | 2a edición |
| Sarja: | (Filosofía y Derecho ;
15) |
| Aiheet: | |
| Tagit: |
Ei tageja, Lisää ensimmäinen tagi!
|
MARC
| LEADER | 00000nam^a2200000^a^4500 | ||
|---|---|---|---|
| 001 | 000154768 | ||
| 005 | 20250521000000.0 | ||
| 009 | 20260310100405.009 | ||
| 020 | |a 950-508-289-4 | ||
| 037 | |a Acervo ITESO - Biblioteca | ||
| 041 | |a ESP | ||
| 082 | |a 323. 01 |b NIN | ||
| 100 | |a Nino, Carlos Santiago |e (autor) | ||
| 245 | 1 | 0 | |a Etica y derechos humanos : |b un ensayo de fundamentación / |c C. Santiago Nino. |
| 250 | |a 2a edición |b revisada y aumentada | ||
| 264 | 4 | |a Buenos Aires, Argentina : |b Astrea, |c 1989, c1989 | |
| 300 | |a XVI, 494 p. | ||
| 336 | |a texto |b txt |2 rdacontenido | ||
| 337 | |a sin mediación |b n |2 rdamedio | ||
| 338 | |a volumen |b nc |2 rdasoporte | ||
| 440 | 1 | |a (Filosofía y Derecho ; |v 15) | |
| 520 | |a Contiene: El concepto de derechos humanos; El esceptiscismo ético; El constructivismo Etico; El nuevo desafío comunistarista al liberalismo kantiano; El principio de autonomía de la persona; El principio de inviolabilidad de la persona; El principio de dignidad de la persona; Instituciones: el alcance de los derechos. Liberalismo conservador y liberalismo igualitario; Justificación de la interferencia estatal: Democracia y obligación de obedecer el derecho; Los límites de la interferencia estatal: el perfeccionismo; los límites de la interferencia estatal: el caso de la pena de muerte. | ||
| 649 | |a XX | ||
| 650 | |a Derechos Humanos - |x Filosofía - |x Tema Principal | ||
| 650 | |a Conducta de Vida | ||
| 650 | |a Etica | ||
| 650 | |a Derecho de las Personas - |x Teoría | ||
| 650 | |a Utilitarismo | ||
| 650 | |a Pena de Muerte | ||
| 650 | |a Democracia | ||
| 650 | |a Constructivismo | ||
| 650 | |a Escepticismo | ||
| 650 | |a Liberalismo | ||
| 650 | |a Sistema Político | ||
| 650 | |a Democracia | ||
| 650 | |a Derechos Civiles | ||
| 650 | |a Derecho Público | ||
| 650 | |a Derecho Constitucional | ||
| 910 | |a Fondo General | ||
| 920 | |a Impresos - Libros | ||
| 930 | |a Colección General | ||
| 905 | |a 101 | ||
| 901 | |a 0500086538 |b IT1 |c ACC |u 20250521 | ||
| 902 | |a https://opac.biblio.iteso.mx/vufind/Record/000154768 | ||